MARC

LEADER 00000nam0a2200000 4500
001 275216
005 20231101234813.0
035 |a (RuTPU)RU\TPU\book\298449 
090 |a 275216 
100 |a 20141112d1985 k y0rusy50 ca 
101 0 |a rus 
102 |a RU 
105 |a a z 001zy 
200 1 |a Чистовая обработка деталей машин  |e межвузовский научный сборник  |f Саратовский политехнический институт (СПИ) 
210 |a Саратов  |c Изд-во Саратовского политехнического ин-та  |d 1985  
215 |a 113 с.  |c ил. 
320 |a Библиография в конце статей 
606 1 |a Детали машин  |x Площадь поверхности  |2 stltpush  |3 (RuTPU)RU\TPU\subj\9201  |9 36479 
610 1 |a чистовая обработка 
610 1 |a инструменты 
610 1 |a круглое наружное шлифование 
610 1 |a профиль 
610 1 |a формирование 
610 1 |a обрабатываемость 
610 1 |a тепловые источники 
610 1 |a геометрические параметры 
610 1 |a гибкие технологии 
610 1 |a поверхность 
610 1 |a качество 
610 1 |a точность 
610 1 |a производительность 
675 |a 621.81-408  |v 4 
712 0 2 |a Саратовский политехнический институт (СПИ)  |c (1960-1992)  |2 stltpush  |3 (RuTPU)RU\TPU\col\283 
801 1 |a RU  |b 63413507  |c 20141112 
801 2 |a RU  |b 63413507  |c 20170329  |g RCR 
942 |c BK